Music Quiz

Random Music or Album Quiz

U2 The Unforgettable Fire Songs Quiz Stats

 Plays Quiz not verified by Sporcle

Support Sporcle.
Go Orange.
Score 0/10 Timer 02:00
0 Plays Today
% Correct
Pride (In the Name of Love)
93.5%
The Unforgettable Fire
90.3%
A Sort of Homecoming
83.9%
Bad
77.4%
MLK
74.2%
Wire
71%
Promenade
64.5%
4th of July
61.3%
Indian Summer Sky
58.1%
Elvis Presley & America
54.8%

You're not logged in!

Compare scores with friends on all Sporcle quizzes.
OR
Log In

From the Vault

Fruit Spelling Bee

by Pilgab

Well it would probably help if the bees could spell. And if bees were actually interested in fruits.
Remove Ads.
Support Sporcle.
Get the best of Sporcle when you Go Orange. This ad-free experience offers more features, more stats, and more fun while also helping to support Sporcle. Thank you for becoming a member.

Show Comments

Extras

Top Quizzes Today


Score Distribution

Your Account Isn't Verified!

In order to create a playlist on Sporcle, you need to verify the email address you used during registration. Go to your Sporcle Settings to finish the process.

Report this User

Report this user for behavior that violates our Community Guidelines.

Details: